Geboren in Straßburg - Statistiken

Allgemein
  • Dieses Quiz wurde 25 mal gespielt
  • Das Durchschnittsergebnis liegt bei 3 aus 18
Antwortstatistiken
Hinweis Antwort % Korrekt
König von Bayern (1825-1848) 1786 Ludwig I.
63%
langjähriger Erfolgstrainer von Arsenal London 1949 Arsène Wenger
54%
Wachsbildnerin und Gründerin eines weltberühmten Museums in London 1761 Marie Tussaud
42%
Fußballer, SC Freiburg 1990 Jonathan Schmid
33%
Fußballer, Bayern München 1999 Michael Cuisance
25%
Handballnationalspieler, Paris Saint-Germain. Sein Bruder Luka ist mehrfacher Welthandballer 1988 Luka Karabatic
21%
Gründer des früheren Automobilherstellers Mathis 1880 Émile Mathis
17%
früherer algerischer Nationalspieler (Freiburg, Mönchengladbach, Frankfurt) 1985 Karim Matmour
13%
Trainer von West Bromwich Albion und früherer Bundesligaprofi (Bayern und Bremen) 1975 Valerien Ismael
13%
berühmter Pantomime, "Bip" 1923 Marcel Marceau
8%
bekannter Zeichner und Illustrator, setzte sich für die elsässische Identität ein 1931 Tomi Ungerer
8%
Gilt als einer der bedeutendsten französischen Comiczeichner der 90er, 1967 Blutch
4%
Politikerin und Sozialreformerin, Frau des ersten deutschen Bundespräsidenten 1881 Elly Heuss-Knapp
4%
deutsch-amerikanischer Physiker und Nobelpreisträger 1906 Hans Bethe
4%
Sternekoch 1976 Martin Klein
4%
Autor von "Das Narrenschiff", er wurde von Dürer porträtiert 1457 Sebastian Brant
4%
Autorin, "Die Jesus-Verschwörung" "Die Verstoßene" 1969 Éliette Abécassis
0%
Sänger, "Si t'es pas là" "Tombé" 1985 Matt Pokora
0%
Keine übereinstimmenden Quizze gefunden
Verteilung der Resultate
Anzahl Personen mit jedem Resultat
Perzentil nach korrekt beantworteten Fragen
Ihre Resultats-Entwicklung
Sie haben dieses Quiz noch nicht gespielt